| 000 | 00510nam a2200169Ia 4500 | ||
|---|---|---|---|
| 008 | 100122s9999 xx 000 0 und d | ||
| 082 |
_b75615 _a793.7 |
||
| 100 | _aशिरसाठ शेखर | ||
| 245 | _aविविध खेळ आणि नियम | ||
| 250 | _a1 | ||
| 260 | _c2008 | ||
| 300 | _a208 | ||
| 630 | _aविविध खेळ आणि नियम | ||
| 700 | _aशिरसाठ शेखर | ||
| 730 | _aविविध खेळ आणि नियम | ||
| 942 | _cBOOK | ||
| 999 |
_c391794 _d391791 |
||